| 000 | 00669nam a2200217 a 4500 | ||
|---|---|---|---|
| 999 |
_c10332 _d10332 |
||
| 001 | 10332 | ||
| 003 | BD-JhCC | ||
| 005 | 20191028134017.0 | ||
| 008 | 180424s2016 ii |||| ||a| 000 0 ben d | ||
| 035 | _a(BD-JhCC)10332 | ||
| 040 |
_aBD-JhCC _dBD-JhCC |
||
| 041 | _aben | ||
| 082 |
_a891.4415 _bGON 2016 |
||
| 100 | _aগঙ্গোপাধ্যায়, সুনীল | ||
| 245 |
_aকবিতাসমগ্র / _cসুনীল গঙ্গোপাধ্যায়, |
||
| 260 |
_aকলিকাতা : _bআনন্দ প্রকাশনী, _c2016 |
||
| 300 |
_a271 p. : _c22 cm. |
||
| 650 | _aPoems | ||
| 942 |
_2ddc _cBK _02 |
||